Nuevos registros de microalgas para el Estado Sucre, Venezuela

Saved in:
书目详细资料
主要作者: Bernal, José
企业作者: e-libro, Corp
其他作者: Lampe, William, Cova, Mariela
格式: 文件
语言:西班牙语
出版: Caracas : Fundación Instituto Botánico de Venezuela "Dr. Tobías Lasser" (Venezuela), 2005.
主题:
在线阅读:https://elibro.unach.elogim.com/es/lc/unach/titulos/3910
标签: 添加标签
没有标签, 成为第一个标记此记录!

MARC

LEADER 00000nab a2200000 a 4500
001 ELB3910
003 FlNmELB
006 m o d |
007 cr cn|||||||||
008 201010r2005 cu |||||s|||||||||||spa d
022 |a 0084-5906 
035 |a (OCoLC)955437754 
040 |a FlNmELB  |b spa  |c FlNmELB 
050 4 |a QK15  |b B517 2005 
080 |a 58 
082 0 4 |a 581.09  |2 22 
100 1 |a Bernal, José. 
222 0 |a Acta Botánica Venezuelica  |b (Venezuela) 
245 1 0 |a Nuevos registros de microalgas para el Estado Sucre, Venezuela  |h [recurso electronico] /  |c José Bernal, William Lampe, Mariela Cova. 
260 |a Caracas :  |b Fundación Instituto Botánico de Venezuela "Dr. Tobías Lasser" (Venezuela),  |c 2005. 
300 |a 89-100 p. 
310 |a Semestral 
362 0 |a Vol. 28, Num. 1 (2005)- (2005)- 
533 |a Recurso electrónico. Santa Fe, Arg.: e-libro, 2015. Disponible vía World Wide Web. El acceso puede estar limitado para las bibliotecas afiliadas a e-libro. 
650 4 |a Botánica.  |v Publicaciones Seriadas.  |z Venezuela. 
650 4 |a Botanica.  |v Publicaciones Seriadas.  |z Venezuela. 
650 4 |a Botany.  |v Periodicals.  |z Venezuela. 
655 4 |a Artículos electrónicos. 
700 1 |a Lampe, William. 
700 1 |a Cova, Mariela. 
710 2 |a e-libro, Corp. 
856 4 0 |u https://elibro.unach.elogim.com/es/lc/unach/titulos/3910